000 00237nam a2200097Ia 4500
008 230907s9999||||xx |||||||||||||| ||und||
082 _a620.11297
_bADV
245 0 _aAdvanced thermoelectrics :
300 _axxii, 790 pages ;
942 _cBK
999 _c598358
_d598358